000 00643nas a2200229 4500
001 BR9205169
003 BR-BrBNA
005 20231205092824.0
007 ta
008 230509b bl.|||p| |||| 00| 00por d
040 _aBR-BrBNA
_bpor
_cBiblioteca Nacional de Agricultura
041 _a(Pt)
072 _aF01
100 1 _aAnon.
245 1 _aQualquer um pode ter uma casa bem ajardinada
650 _aJARDINAGEM
650 _aPLANTA ORNAMENTAL
650 _aPRATICO
773 0 _tAgricultura e Cooperativismo (Brazil)
_x
_g(Jul 1977), v. 2(15) p. 23-25
_wBR9205169
909 _a202311
_bLúcia
_c55
_dLúcia Elande
942 _2AGRIS
_n0
_cANA
999 _c134458
_d134458